000 00258nam a2200097Ia 4500
001 712627
005 20250826162830.0
008 250824s9999 xx 000 0 und d
245 0 _aİSLAM VE AVRUPA
_cORHAN GÖKÇE-GÜLİSE GÖKÇE
260 _bÇİZGİ YAYINLARI
999 _c712627
_d712627